| 000 | 00455cam a2200169 i 4500 | ||
|---|---|---|---|
| 020 | _a0201089041 | ||
| 040 | _cDLC | ||
| 082 | 0 | 0 | _a519 ADD 1974 A025 Co. |
| 100 | 1 | _aZuwaylif, Fadil H., | |
| 245 | 1 | 0 | _aGeneral applied statistics / |
| 250 | _a2d ed. | ||
| 260 |
_aReading, Mass. : _bAddison-Wesley Pub. Co., _c[1974] |
||
| 300 |
_axiv, 313, [49] p. : _bill. ; _c26 cm. |
||
| 500 | _aIncludes index. | ||
| 650 | 0 | _aMathematical statistics. | |
| 942 | _cEK | ||
| 999 |
_c13545 _d13545 |
||